| 000 | 01228nabaa22002417a 4500 | ||
|---|---|---|---|
| 999 |
_c6151 _d6151 |
||
| 003 | OSt | ||
| 005 | 20260123192209.0 | ||
| 008 | 190701b xxu||||| |||| 00| 0 spa d | ||
| 040 | _cPJ | ||
| 100 |
_96902 _aLorenti (h.), Pedro M. |
||
| 245 | 1 | 0 |
_aEjecución de garantías a primera demanda en la contratación pública / _cPedro M. Lorenti (h.). |
| 300 | _ap. 31-49 | ||
| 500 | _aCita: TR LALEY AR/DOC/3191/2023 | ||
| 505 | _aSumario: I. Introducción.— II. "...(W)on't take no for an answer...".— III. En nuestro derecho civil y comercial...— IV. ...y en nuestro derecho de los seguros.— V. Garantías a primer requerimiento y contratos del sector público.— VI. Pago a primer requerimiento y derecho administrativo.— VII. Quid de la caución.— VIII. Conclusiones. | ||
| 505 | _t¿Te interesa el texto completo? Comunicate al correo: koha@justierradelfuego.gov.ar | ||
| 650 | 0 |
_9211 _aDERECHO ADMINISTRATIVO |
|
| 650 | 0 |
_91497 _aCODIGO CIVIL Y COMERCIAL |
|
| 650 | 0 |
_91921 _aSEGUROS |
|
| 650 | 0 |
_93463 _aCONTRATOS |
|
| 650 | 0 | _aEJECUCION DE SENTENCIA | |
| 773 | 0 |
_02842 _93251 _dBuenos Aires : AbeledoPerrot, 2012- _oDA121 _tDerecho administrativo. Nº 151 enero/febrero 2024 _z18510590 |
|
| 942 |
_2udc _cANA |
||